La Finlande pour les touristes... - Facile - Statistiques

Statistiques générales
  • Ce quiz a été pris 48 fois
  • Le résultat moyen est 14 sur 20
Statistiques - réponses
Question Indice Réponses Indice facile % Correct
Le suffixe internet est fi
98%
Quelles autres langues sont répandues ? A Anglais
95%
Quelles autres langues sont répandues ? R Russe
95%
La conduite se fait à droite ou à gauche ? Droite
93%
Quelles sont les principales villes touristiques ? H Helsinki
93%
Dans la capitale y-a-t-il un décalage horaire avec Paris ? (oui/non) Oui
90%
Quelle est la monnaie ? Euro E
88%
Quelle sont les langues officielles ? Finnois F
88%
Quelle sont les langues officielles ? Suédois S
83%
La vitesse hors agglomération est limitée à {80} km/h
78%
Le taux d'alcoolémie toléré au volant est de {0.5} g/l
73%
Quelles sont les principales villes touristiques ? T Turku KURUT
70%
Achats à faire 1/ Tambour de sorcière Sami AMIS
68%
Achats à faire 3/ Sac en écorce de Bouleau BAOULEU
58%
Achats à faire 2/ Gants sans doigts Moufles FLOUMES
55%
Quelles sont les principales villes touristiques ? P Porvoo PROVOO
53%
Quelles sont les principales villes touristiques ? R Rovaniemi AVOINERIM
53%
La religion majoritaire est luthéranisme L
28%
On peut y visiter le parc national de O Oulanka KOALANU
10%
Quelles sont les principales villes touristiques ? S Sodankyia ANODISAKY
5%
Aucun quiz correspondant
Distribution des résultats
% des personnes avec chaque résultat
Percentile par nombre de réponses
Votre historique - résultats
Vous n’avez pas pris ce quiz